000 00750nam a2200241Ia 4500
003 OSt
005 20220930064013.0
006 a|||||r|||| 00| 0
007 ta
008 220926b |||||||| |||| 00| 0 eng d
024 _a3612
037 _cTheses
040 _aCRL
_cCRL
_beng
041 _2eng
_aeng
100 _aFaruqi Atiq Ahmad
_9523857
110 _aUniversity of Lucknow. Faculty of Social Sciences. Department of Political Science
_9523858
245 0 _aIndia's relations with Iran and Iraq (1971-91)
260 _c1994
650 _aPOLITICAL SCIENCE
700 _aUniversity of Lucknow. Faculty of Social Sciences. Department of Political Science
_9523859
942 _cDIS
_2CC
999 _c857605
_d857605